Chemistry of engineering materials

Wedi'i Gadw mewn:
Manylion Llyfryddiaeth
Prif Awdur: Leighou, Robert B (Awdur)
Fformat: Llyfr
Iaith:Saesneg
Cyhoeddwyd: Nueva York McGraw-Hill 1942
Rhifyn:4a. ed
Cyfres:International Chemical Series
Pynciau:
Tagiau: Ychwanegu Tag
Dim Tagiau, Byddwch y cyntaf i dagio'r cofnod hwn!

MARC

LEADER 00000nam a2200000 a 4500
001 UCP1550
003 CL-VaPUC
008 990416e19420000US |||||||||||||||||eng|d
082 0 4 |a 620.11  |b LEI  |2 21 
100 0 |a Leighou, Robert B  |e author  |9 427651 
245 1 0 |a Chemistry of engineering materials 
250 |a 4a. ed 
300 |a 645 p 
942 |c BK 
945 |d 19990416 00:00:00  |a cmena 
260 |a Nueva York  |b McGraw-Hill  |c 1942 
650 0 |a Materiales de ingeniería   |9 261006 
650 0 |a Resistencia de materiales  |9 260095 
650 0 |a Propiedades químicas   |9 345805 
650 0 |a Combustibles  |9 271720 
650 0 |a Metales   |9 260686 
650 0 |a Aleaciones metálicas  |9 427652 
583 |a last modification  |c 19990416 00:00:00  |k Rodrigo Vera 
490 0 |a International Chemical Series 
999 |c 280218  |d 280216 
952 |0 0  |1 0  |4 0  |6 620_110000000000000_LEI_1942  |7 0  |8 P  |9 320457  |a BIBMEC  |b BIBMEC  |d 2019-11-20  |i 134174K  |o 620.11 LEI 1942  |p 134174K  |r 2019-11-20  |w 2019-11-20  |y BK  |k MEC 
952 |0 0  |1 0  |4 0  |6 620_110000000000000_LEI_1942  |7 0  |8 P  |9 320458  |a BIBMEC  |b BIBMEC  |d 2019-11-20  |i 1341758  |o 620.11 LEI 1942  |p 1341758  |r 2019-11-20  |w 2019-11-20  |y BK  |k MEC